[Event "Pardubice rapid op 33rd"]
[Site "Pardubice"]
[Date "2022.07.20"]
[Round "1"]
[White "Sir, Zbynek"]
[Black "Ruzicka, Martin"]
[Result "1-0"]
[WhiteElo "2199"]
[BlackElo "1923"]
[PlyCount "49"]
[EventDate "2022.07.20"]
[EventType "swiss (rapid)"]
[EventRounds "9"]
[EventCountry "CZE"]
[SourceTitle "CBM 209 Extra"]
[Source "ChessBase"]
[SourceDate "2022.09.30"]
[SourceVersion "1"]
[SourceVersionDate "2022.09.30"]
[SourceQuality "1"]

1. e4 e6 2. d4 b6 3. Bd3 c5 4. d5 Nf6 5. c4 g6 6. Nc3 Bg7 7. e5 Ng8 8. f4 exd5 9. cxd5 d6 10. Nf3 Ne7 11. Bb5+ Bd7 12. 0-0 0-0 13. Bxd7 Nxd7 14. e6 fxe6 15. Ng5 Nxd5 16. Nxe6 Bd4+ 17. Nxd4 cxd4 18. Nxd5 Nc5 19. Qxd4 Qh4 20. b3 Rae8 21. Bb2 Kf7 22. Qg7+ Ke6 23. Nc7+ Kf5 24. Nxe8 Rxe8 25. Qf7+ 1-0

[Event "CZE-chT2E 1718"]
[Site "Czech Republic"]
[Date "2017.10.15"]
[Round "1.8"]
[White "Ruzicka, Martin"]
[Black "Jurak, Stanislav"]
[Result "1-0"]
[WhiteElo "1913"]
[BlackElo "1785"]
[PlyCount "49"]
[EventDate "2017.10.15"]
[EventType "team-tourn"]
[EventRounds "11"]
[EventCountry "CZE"]
[SourceTitle "EXT 2022"]
[Source "ChessBase"]
[SourceDate "2021.10.06"]
[SourceVersion "1"]
[SourceVersionDate "2021.10.06"]
[SourceQuality "1"]
[WhiteTeam "Jundrov Jezdci"]
[BlackTeam "Hustopece"]
[WhiteTeamCountry "CZE"]
[BlackTeamCountry "CZE"]

1. d4 d5 2. c4 e6 3. Nc3 Nf6 4. Bg5 Be7 5. Nf3 0-0 6. e3 Nbd7 7. Qc2 dxc4 8. Bxc4 Nh5 9. Bxe7 Qxe7 10. 0-0 Rd8 11. Bd3 Nf8 12. Rac1 Nf6 13. Ne5 c6 14. Ne4 Nxe4 15. Bxe4 Bd7 16. Qc5 Qe8 17. b4 f6 18. Nc4 Bc8 19. Qa5 Nd7 20. b5 cxb5 21. Nd6 Qe7 22. Nxb7 Bxb7 23. Bxb7 Rab8 24. Rc7 Qf8 25. Qxa7 1-0